<?xml version="1.0" encoding="UTF-8"?>
<record
    xmlns:xsi="http://www.w3.org/2001/XMLSchema-instance"
    xsi:schemaLocation="http://www.loc.gov/MARC21/slim http://www.loc.gov/standards/marcxml/schema/MARC21slim.xsd"
    xmlns="http://www.loc.gov/MARC21/slim">

  <leader>01123naa a22002417i 4500</leader>
  <controlfield tag="001">232245</controlfield>
  <controlfield tag="003">ES-MaBCM</controlfield>
  <controlfield tag="005">20260209115745.0</controlfield>
  <controlfield tag="008">260209s2026    sp ||||| |||| 00| 0 spa d</controlfield>
  <datafield tag="040" ind1=" " ind2=" ">
    <subfield code="c">ES-MaBCM</subfield>
  </datafield>
  <datafield tag="100" ind1="1" ind2=" ">
    <subfield code="a">Monereo P&#xE9;rez, Jos&#xE9; Luis</subfield>
    <subfield code="9">31837</subfield>
  </datafield>
  <datafield tag="245" ind1="1" ind2="0">
    <subfield code="a">Modificaciones sustanciales, despidos colectivos y per&#xED;odos de consulta-negociaci&#xF3;n colectiva en el marco de la Directiva 98/59/CE =</subfield>
    <subfield code="b">Substantial changes, collective redundancies and consultation-collective bargaining periods under Directive 98/59/EC</subfield>
    <subfield code="c">Jos&#xE9; Luis Monereo P&#xE9;rez, Pompeyo Gabriel Ortega Lozano</subfield>
  </datafield>
  <datafield tag="504" ind1=" " ind2=" ">
    <subfield code="a">Incluye referencias bibliogr&#xE1;ficas</subfield>
  </datafield>
  <datafield tag="504" ind1=" " ind2=" ">
    <subfield code="a">Incluye bibliograf&#xED;a</subfield>
  </datafield>
  <datafield tag="650" ind1=" " ind2="7">
    <subfield code="a">Despido colectivo</subfield>
    <subfield code="9">58390</subfield>
  </datafield>
  <datafield tag="650" ind1=" " ind2="7">
    <subfield code="a">Condici&#xF3;n de trabajo</subfield>
    <subfield code="9">58033</subfield>
  </datafield>
  <datafield tag="650" ind1=" " ind2="7">
    <subfield code="a">Negociaci&#xF3;n colectiva</subfield>
    <subfield code="9">59535</subfield>
  </datafield>
  <datafield tag="650" ind1=" " ind2="7">
    <subfield code="a">Directiva de la UE</subfield>
    <subfield code="9">58417</subfield>
  </datafield>
  <datafield tag="655" ind1=" " ind2="4">
    <subfield code="a">Jurisprudencia</subfield>
    <subfield code="9">115565</subfield>
  </datafield>
  <datafield tag="700" ind1="1" ind2=" ">
    <subfield code="a">Ortega Lozano, Pompeyo Gabriel</subfield>
    <subfield code="9">119864</subfield>
  </datafield>
  <datafield tag="773" ind1="0" ind2=" ">
    <subfield code="d">Las Rozas, Madrid</subfield>
    <subfield code="g">N. 143 (en. 2026) - Loc. En l&#xED;nea</subfield>
    <subfield code="t">La Ley Uni&#xF3;n Europea : revista de actualidad jur&#xED;dica de la Uni&#xF3;n Europea </subfield>
    <subfield code="w">214426 </subfield>
  </datafield>
  <datafield tag="942" ind1=" " ind2=" ">
    <subfield code="2">udc</subfield>
    <subfield code="c">AREV</subfield>
  </datafield>
  <datafield tag="999" ind1=" " ind2=" ">
    <subfield code="c">232245</subfield>
    <subfield code="d">232245</subfield>
  </datafield>
  <datafield tag="952" ind1=" " ind2=" ">
    <subfield code="0">0</subfield>
    <subfield code="1">0</subfield>
    <subfield code="2">udc</subfield>
    <subfield code="4">0</subfield>
    <subfield code="7">0</subfield>
    <subfield code="a">BC</subfield>
    <subfield code="b">BC</subfield>
    <subfield code="c">SALA</subfield>
    <subfield code="d">2026-02-09</subfield>
    <subfield code="l">0</subfield>
    <subfield code="r">2026-02-09 11:57:55</subfield>
    <subfield code="w">2026-02-09</subfield>
    <subfield code="y">AREV</subfield>
  </datafield>
</record>
